Transport for tourism /

This book is about: Understanding tourist transport: social science perspectives; Tourist transport and government policy; ...

Kaydedildi:
Detaylı Bibliyografya
Yazar: Page, Stephen, 1963-
Materyal Türü: Kitap
Dil:English
Baskı/Yayın Bilgisi: London ; New York : Routledge, 1994
Konular:
Etiketler: Etiketle
Etiket eklenmemiş, İlk siz ekleyin!
Thư viện lưu trữ: Mạng thư viện Đại học Đà Nẵng
LEADER 00992cam a2200361 i 4500
001 000049039
003 8767
005 20021115421312.0
008 010316|1994 vm 000 eng
020 |a 0415102383 
040 |a IRC  |c IRC  |d IRC 
041 0 |a eng 
082 1 4 |a 338.4791  |b PA-S 
100 1 |a Page, Stephen,  |d 1963- 
245 0 0 |a Transport for tourism /  |c Stephen Page 
260 |a London ; New York :  |b Routledge,  |c 1994 
300 |a xiii, 202 p. :  |b ill., maps;  |c 21cm 
520 3 |a This book is about: Understanding tourist transport: social science perspectives; Tourist transport and government policy; ... 
630 0 4 |a Tourism 
630 0 4 |a Transportation 
650 0 4 |a Tourism. 
650 0 4 |a Transportation. 
OWN |a DUT 
049 0 0 |a mt 
999 |a From the UDN01 
TYP |a Monograph 
TYP |a Printed language 
980 |a Mạng thư viện Đại học Đà Nẵng